Statistics for Flags of countries/territories...

Click here to take the quiz!

General Stats

  • This quiz has been taken 135 times
  • The average score is 200 of 243

Answer Stats

Answer% Correct
Afghanistan
98%
Albania
98%
Algeria
96%
Andorra
96%
Angola
96%
Antigua and barbuda
95%
Argentina
95%
Australia
95%
Austria
95%
Bahamas
95%
Bahrain
95%
Bangladesh
95%
Azerbaijan
94%
Barbados
94%
Belgium
94%
Bhutan
94%
Armenia
93%
Belarus
93%
Belize
93%
Benin
91%
Bosnia and herzegovina
91%
Brazil
91%
Bolivia
90%
Botswana
90%
Brunei
90%
Bulgaria
90%
Canada
90%
China
90%
Colombia
90%
Costa Rica
90%
Croatia
90%
Cuba
90%
Cyprus
90%
Czech Republic
90%
Cambodia
89%
Cameroon
89%
Chad
89%
Chile
89%
Denmark
89%
D.R. Congo
89%
Ecuador
89%
Egypt
89%
Burkina faso
88%
Burundi
88%
Cape-verde
88%
Central african republic
88%
Comoros
88%
Dominica
88%
Dominican Republic
88%
El Salvador
88%
Ethiopia
88%
Finland
88%
France
88%
Georgia
88%
Germany
88%
Greece
88%
Equatorial Guinea
87%
Eritrea
87%
Eswatini
87%
Fiji
87%
Grenada
87%
Guatemala
87%
Guinea
87%
Djibouti
86%
Ghana
86%
Honduras
86%
Iceland
86%
India
86%
Indonesia
86%
Iran
86%
Iraq
86%
Ireland
86%
Italy
86%
Ivory Coast
86%
Jamaica
86%
Japan
86%
Jordan
86%
Kazakhstan
86%
Kenya
86%
Kuwait
86%
Lebanon
86%
Luxembourg
86%
Madagascar
86%
Mexico
86%
Monaco
86%
Morocco
86%
Nepal
86%
Netherlands
86%
New Zealand
86%
Nicaragua
86%
Nigeria
86%
North Korea
86%
Norway
86%
South Korea
86%
East Timor
85%
Estonia
85%
F.S. Micronesia
85%
Gambia
85%
Guyana
85%
Hungary
85%
Israel
85%
Kyrgyzstan
85%
Lesotho
85%
Liberia
85%
Libya
85%
Liechtenstein
85%
Malaysia
85%
Maldives
85%
Moldova
85%
Mongolia
85%
Montenegro
85%
Mozambique
85%
Myanmar
85%
Niger
85%
Pakistan
85%
Palestine
85%
Panama
85%
Paraguay
85%
Philippines
85%
Portugal
85%
Qatar
85%
Russia
85%
Saudi Arabia
85%
Singapore
85%
Slovakia
85%
Slovenia
85%
Somalia
85%
South Africa
85%
Spain
85%
Sri Lanka
85%
Sweden
85%
Switzerland
85%
Syria
85%
Thailand
85%
Tunisia
85%
Turkey
85%
Uganda
85%
Ukraine
85%
Gabon
84%
Guinea-Bissau
84%
Haiti
84%
Kiribati
84%
Laos
84%
Latvia
84%
Malawi
84%
Malta
84%
Marshall Islands
84%
Namibia
84%
North Macedonia
84%
Palau
84%
Papua New Guinea
84%
Peru
84%
Rep. of the Congo
84%
Romania
84%
Samoa
84%
San Marino
84%
Serbia
84%
St. Kitts and Nevis
84%
St. Lucia
84%
St. Vincent and the Grenadines
84%
Sudan
84%
Tajikistan
84%
Turkmenistan
84%
United Arab Emirates
84%
United Kingdom
84%
United States
84%
Uruguay
84%
Venezuela
84%
Vietnam
84%
Yemen
84%
Kosovo
83%
Lithuania
83%
Mali
83%
Mauritania
83%
Mauritius
83%
Nauru
83%
Oman
83%
Poland
83%
Rwanda
83%
Seychelles
83%
South Sudan
83%
Suriname
83%
Togo
83%
Tonga
83%
Trinidad and Tobago
83%
Tuvalu
83%
Uzbekistan
83%
Vatican
83%
Zambia
83%
Zimbabwe
83%
Sao Tome and Principe
82%
Senega
82%
Sierra Leone
82%
Solomon Islands
82%
Taiwan
82%
Tanzania
82%
Greenland
81%
Guam
81%
Hong Kong
81%
Vanuatu
81%
Puerto Rico
79%
Mayotte
78%
Isle of Man
77%
Faroe Islands
76%
American Samoa
74%
Gibraltar
74%
U.S. Virgin Islands
73%
Cook Islands
72%
Niue
72%
Aruba
71%
Northern Cyprus
71%
Bermuda
69%
Curacao
69%
Abkhazia
68%
Christmas Island
68%
New Caledonia
68%
Northern Mariana Islands
68%
Somaliland
68%
Tokelau
68%
French Guiana
67%
French Polynesia
67%
Transnistria
67%
British Virgin Islands
66%
Macao
63%
Reunion
63%
Falkland Islands
62%
Saint Pierre and Miquelon
62%
South Ossetia
62%
Guadeloupe
61%
Anguilla
60%
Cayman Islands
60%
Turks and Caicos
60%
Aland Islands
57%
Martinique
57%
Montserrat
57%
Sint Maarten
56%
Artsakh
54%
St Helena
54%
Wallis and Futuna
54%
Cocos (Keeling) Islands
35%
Sahrawi Arab Democratic Republic
30%
Channel Islands
24%
Carribean Netherlands
18%

Score Distribution

Percentile by Number Answered

Percent of People with Each Score

Your Score History

You have not taken this quiz